Actas
محفوظ في:
| مؤلف مشترك: | |
|---|---|
| التنسيق: | وقائع المؤتمر كتاب |
| منشور في: |
Turrialba, Costa Rica : CATIE Programa de Recursos Naturales Renovables
1979
|
| الموضوعات: | |
| الوسوم: |
إضافة وسم
لا توجد وسوم, كن أول من يضع وسما على هذه التسجيلة!
|
MARC
| LEADER | 00000nam a2200000Ia 4500 | ||
|---|---|---|---|
| 003 | 000498 | ||
| 005 | 20221231143952.0 | ||
| 008 | 140114s1979 c a 000 ||s d | ||
| 040 | |c cru CEDI | ||
| 082 | |a 634.906.3 T149a | ||
| 245 | |a Actas | ||
| 260 | |a Turrialba, Costa Rica : CATIE Programa de Recursos Naturales Renovables |c 1979 | ||
| 300 | |a 226 páginas : ilustraciones | ||
| 500 | |a Este taller fue patrocinado por la Universidad de las Naciones Unidas y el CATIE | ||
| 650 | |x BOSQUES - AMERICA LATINA - CONGRESOS |9 18653 | ||
| 711 | |a Taller Sistemas Agro-Forestales en America Latina |c Turrialba, Costa Rica |d Marzo 26 -30 1979 |9 18652 | ||
| 942 | |2 ddc |c BK | ||
| 999 | |c 14944 |d 14944 | ||
